00442pab a2200157 454500008004000000100001800040245006200058260000900120300001400129362000800143650002800151650002500179650001600204700001900220773004500239180718b2004 xxu||||| |||| 00| 0 eng d aBrooks, Karen aRussian agriculture in the transition to a market economy c2004 ap.571-86. aApr aMarket economy - Russia aAgriculture - Russia aAgriculture aGardner, Bruce aEconomic Development and Cultural Change